000 00607nam a2200205Ia 4500
003 0100
005 20160927091842.0
008 130303s9999 xx 000 0 und d
040 _cARRUPELIB
050 _aBH221.G72H5 1957
100 _aHipple, Walter John
_926174
245 4 _aThe beautiful, the sublime the picturesque in eighteenth-century British aesthetic theory
260 _aCarbondale IL
260 _bSouthern Illinois University Press
300 _avi
300 _b 390p. 25cm.
650 _aAesthetics
_xHistory
_926175
650 _aSublime, The
_926176
942 _2lcc
_cMONOGRAPH
999 _c49682
_d49682